000 00750 a2200193 4500
010 _aENG-89937
020 _a8125015655
_c650.00
035 _aEN-73470
037 _bDBAD / PUB
082 1 4 _a338.095435
100 1 _a C.V. Subba Rao
_942411
245 1 _aHyderabad:
_cby C.V. Subba Rao
_bthe social context of industrialisation, 1875-1948/
260 _aNew Delhi
_bOrient Longman
_c2007
270 _a1/24, Asaf Ali Road,
_bNew Delhi
_e110002
_mdelgeneral@orientlongman.com
_cDelhi
300 _axxii, 218p.
_c22 cm (Hb )
500 _aIncludes glossary, bibliographical references & index.
942 _adpl
_cEN
_k338.095435 / RAO
_2ddc
999 _c11666
_d11666